Focus sur: Faramir - Tolkien - Statistiques

Statistiques générales
  • Ce quiz a été pris 107 fois
    103 depuis la dernière actualisation
  • Le résultat moyen est 12 sur 17
Statistiques - réponses
Informations recherchées Réponses % Correct
Espèce Homme
100%
Première apparition Le Seigneur des Anneaux: Les Deux Tours
99%
Contrée Gondor
97%
Frère Boromir
96%
Age durant lequel il vécut Troisième/Quatrième
96%
Couleur des cheveux Noir
92%
Cité Minas Tirith
88%
Prince d'Ithilien
88%
Epouse Éowyn
86%
Père Denethor II
83%
Lignée (partiellement) Númenor
50%
Professions et titres Capitaine du Gondor
47%
Intendant du Gondor
42%
Région (ultérieurement) Emyn Arnen (Ithilien)
39%
Mère Finduilas
24%
Acteur l'interprétant dans les films David Wenham
18%
Fils Elboron
10%
Aucun quiz correspondant
Distribution des résultats
% des personnes avec chaque résultat
Percentile par nombre de réponses
Votre historique - résultats
Vous n’avez pas pris ce quiz depuis la dernière actualisation